000 00433 a2200157 4500
003 OSt
005 20240109142810.0
008 240109b |||||||| |||| 00| 0 eng d
040 _coclc
082 _a297
_bAKB/Q
100 _aAkbar, M M
_92026
245 _aQur'anum ithara vedangalum /
_cM M Akbar
260 _aKerala:
_bNiche of truth,
_c2014.
300 _a65p
942 _2ddc
_cBK
_h297
_iAKB/Q
_k297
_mAKB/Q
999 _c43100
_d43100